000 00899nam a22002777a 4500
001 7565
003 FISKH
005 20250821133234.0
008 250724b cb ||||| |||| 00| 0 eng d
020 _a9780751649154
040 _aFISKH
_beng
_cFISKH
_dFISKH
050 _aPZ7
082 _a620.1
100 _aEvans, David
245 _aBuilding things :
_bLet's explore science /
_cDavid Evans and Claudette Williams
260 _aLondon :
_bDK,
_c1993.
300 _a29 pages :
_bcolor illustrations ;
_c25 cm
505 _aJ
520 _aExamines, through a series of simple experiments, the different materials used to make a variety of objects.
521 8 _a500
_bLexile estimate
521 8 _aJ
_bRaz-Plus
650 _aBuilding Construction
_vNon-fiction
_xLiterature
_yScience
700 _aWilliams, Claudette
_eillustrator
942 _2ddc
_cBK
_n0
999 _c7565
_d7565